| 000 | 00440nam a22001577a 4500 | ||
|---|---|---|---|
| 003 | OSt | ||
| 005 | 20220916191528.0 | ||
| 008 | 220916b |||||||| |||| 00| 0 eng d | ||
| 040 | _cBiblioteca Lado V | ||
| 082 |
_a750 _bG575c |
||
| 110 | _aGobierno de Canarias | ||
| 245 | _aCanarias Dak'art 2004/ | ||
| 260 |
_aIslas Canarias _bGráficos Sabatear _c2004 |
||
| 300 |
_a79p. _c22x22cm |
||
| 942 |
_2ddc _c1 _h750 _iG575c _n0 |
||
| 999 |
_c2072 _d2072 |
||